00466nam a2200169 a 4500008004100000020001500041050001900056100002300075245002400098250001100122260003700133260004600170300001900216350000900235650002000244700003200264060316s1976 ||||||||||||||||| || u a0672213001 aTK 6565.A6 Lyt aWaters, Farl Jacob10aAbc's of antennas / a2d ed. aIndianapolis :bH. W. Samsc1976 aIndianapolis :bHoward W. Sams & Coc1976 a127 p. : ill.  a0.00 aRADIO--ANTENNAS aLytel, Allan Herbert, 1920-